000 00823nam a2200229 a 4500
001 63271
003 BD-RjUL
005 20211209081157.0
008 170129s2007 bg ||||| |||| 00| 0 ben d
020 _a9840746022
_c: TK 80.00
035 _a(BD-RjUL)63400
040 _aBD-RjUL
_bben
_cBD-RjUL
041 _aben
082 _223
_a491.2071
_bSAS 2007
100 _aসরকার, অসীম
_9171585
245 1 0 _aসংস্কৃত ভাষা শিক্ষা /
_cঅসীম সরকার
260 _aঢাকা :
_bবাংলা একাডেমী,
_c২০০৭
300 _a২০৩ পৃ. ;
_c২১ সেমি.
650 _aসংস্কৃত ভাষা
_xশিক্ষা
_9184850
650 _aSanskrit Language
_xStudy & Teaching
_9188309
942 _2ddc
_cBK
999 _c63271
_d63271